00545nmm a2200169Ia 4500008004100000041000800041100003500049245004300084264006600127300001800193650002900211700003500240700002500275856005100300942000700351999001700358251105s9999||||xx |||||||||||||||||und|| aspa aViladot Presas, Maria Àngels 0aGénero y poder en las organizaciones a[Madrid, España] :bUniversitat Oberta de Catalunya, c2017 a230 páginas aGender and Women Studies aViladot Presas, Maria Àngels1 a De Gispert, Núria uhttps://public.digitaliapublishing.com/a/47364 cCF c72392d72392